000 00196 a2200109 4500
020 _a9780153069635
041 _aspa
100 _aDorros, Arthur
245 _aAbuela
942 _cBK
952 _74
999 _c19616
_d19616